Paysages des villes du monde - Statistiques

Statistiques générales
  • Ce quiz a été pris 217 fois
  • Le résultat moyen est 15 sur 32
Statistiques - réponses
Par images Réponse % Correct
Paris
96%
Londres
92%
New York
86%
Barcelone
81%
Tokyo
81%
Rome
80%
Le Caire
76%
Dubaï
75%
Rio de Janeiro
74%
Athènes
73%
Pékin
69%
Berlin
62%
Moscou
57%
Sydney
55%
Singapour
54%
Amsterdam
44%
Los Angeles
41%
Vienne
37%
Budapest
35%
Genève
35%
Buenos Aires
34%
Marrakech
31%
Porto
25%
Mexico
24%
Oslo
20%
Varsovie
20%
Bangkok
18%
Montreal
15%
Helsinki
12%
Tunis
11%
Wellington
7%
Dakar
2%
Aucun quiz correspondant
Distribution des résultats
% des personnes avec chaque résultat
Percentile par nombre de réponses
Votre historique - résultats
Vous n’avez pas pris ce quiz